<?xml version="1.0" encoding="UTF-8"?>
<collection xmlns="http://www.loc.gov/MARC21/slim">
    <record>
        <controlfield tag="001">32071</controlfield>
        <controlfield tag="005">20160204081714.0</controlfield>
        <datafield tag="037" ind1=" " ind2=" ">
            <subfield code="a">TAZ-TFG-2015-609</subfield>
        </datafield>
        <datafield tag="041" ind1=" " ind2=" ">
            <subfield code="a">spa</subfield>
        </datafield>
        <datafield tag="100" ind1="1" ind2=" ">
            <subfield code="a">Ruiz Sánchez, Blanca Irina</subfield>
        </datafield>
        <datafield tag="245" ind1="0" ind2="0">
            <subfield code="a">Programa de educación y actividad física para la prevención de suicidios en personas mayores de 65 años con depresión mayor</subfield>
        </datafield>
        <datafield tag="260" ind1=" " ind2=" ">
            <subfield code="a">Zaragoza</subfield>
            <subfield code="b">Universidad de Zaragoza</subfield>
            <subfield code="c">2015</subfield>
        </datafield>
        <datafield tag="506" ind1=" " ind2=" ">
            <subfield code="a">by-nc-sa</subfield>
            <subfield code="b">Creative Commons</subfield>
            <subfield code="c">3.0</subfield>
            <subfield code="u">http://creativecommons.org/licenses/by-nc-sa/3.0/</subfield>
        </datafield>
        <datafield tag="520" ind1=" " ind2=" ">
            <subfield code="a">INTRODUCCIÓN La depresión, que constituye el trastorno afectivo más frecuente a nivel Europeo,  engloba una gran cantidad de problemas de salud mental que se caracterizan principalmente por sentimientos de tristeza y perdida de interés o de la capacidad de disfrutar de las actividades placenteras. Se trata de una síndrome con múltiples factores de riesgo que tiene una mayor incidencia en las personas mayores y que multiplica por cuatro el riesgo de suicidio. OBJETIVO Elaborar un programa de educación de educación y actividad física para la prevención de suicidios en personas mayores de 65 años con depresión mayor con el fin de facilitar la comprensión de la enfermedad y mejorar el estado de animo del individuo. METODOLOGIA Se ha realizado una búsqueda bibliográfica en múltiples bases de datos tanto nocionales como internacionales donde se recogen los principales artículos y programas sobre depresión mayor y prevención de suicidios. Este programa tendrá una duración aproximada de 6 meses y para poderlo llevar a cabo es necesario trabajar en Atención primaria (CS  Jaca) así como la colaboración de la enfermera de salud mental y de un profesional de la actividad física, yoga y relajación. CONCLUSIÓN Múltiples estudios i muestran evidencias sobre los beneficios de la terapia cognitivo-conductual y que el ejercicio físico en personas con  puede mejorar el estado anímico en individuos con depresión mayor diagnosticada pudiendo así disminuir el riesgo de suicidio.</subfield>
        </datafield>
        <datafield tag="521" ind1=" " ind2=" ">
            <subfield code="a">Graduado en Enfermería</subfield>
        </datafield>
        <datafield tag="540" ind1=" " ind2=" ">
            <subfield code="a">Derechos regulados por licencia Creative Commons</subfield>
        </datafield>
        <datafield tag="700" ind1=" " ind2=" ">
            <subfield code="a">Muro Baquero, Carmen Magdalena</subfield>
            <subfield code="e">dir.</subfield>
        </datafield>
        <datafield tag="710" ind1="2" ind2=" ">
            <subfield code="a">Universidad de Zaragoza</subfield>
            <subfield code="b">Fisiatría y Enfermería</subfield>
            <subfield code="c"></subfield>
        </datafield>
        <datafield tag="856" ind1="0" ind2=" ">
            <subfield code="f">647815@celes.unizar.es</subfield>
        </datafield>
        <datafield tag="856" ind1="4" ind2=" ">
            <subfield code="s">1418263</subfield>
            <subfield code="u">http://zaguan.unizar.es/record/32071/files/TAZ-TFG-2015-609.pdf</subfield>
            <subfield code="y">Memoria (spa)</subfield>
        </datafield>
        <datafield tag="909" ind1="C" ind2="O">
            <subfield code="o">oai:zaguan.unizar.es:32071</subfield>
            <subfield code="p">driver</subfield>
            <subfield code="p">trabajos-fin-grado</subfield>
        </datafield>
        <datafield tag="950" ind1=" " ind2=" ">
            <subfield code="a"></subfield>
        </datafield>
        <datafield tag="951" ind1=" " ind2=" ">
            <subfield code="a">deposita:2015-10-08</subfield>
        </datafield>
        <datafield tag="980" ind1=" " ind2=" ">
            <subfield code="a">TAZ</subfield>
            <subfield code="b">TFG</subfield>
            <subfield code="c">EUCS</subfield>
        </datafield>
    </record>

    
</collection>